WWE Roster Feb. 2026 - Statistics

General Stats
  • This quiz has been taken 70 times
    17 since last reset
  • The average score is 99 of 205
Answer Stats
Raw SmackDown NXT Non-Exclusive Referee Broadcast % Correct
Bron Breakker Axiom Charlie Dempsey Daphanie LaShaunn Joe Tessitore
100%
CM Punk Bo Dallas (Uncle Howdy) Ethan Page Gary WIlson Michael Cole
100%
Cody Rhodes
100%
AJ Lee
91%
Bronson Reed B-Fab Dion Lennox Derek Sanders Kelly Kincaid
91%
Dragon Lee Charlotte Flair Izzi Dame Jeremy Marcus Vic Joseph
91%
Jey Uso Ilja Dragunov Lexis King
91%
Jimmy Uso Jacob Fatu Lola Vice
91%
Randy Orton
91%
Roman Reigns
91%
Booker T
82%
Damian Priest
82%
Dominik Mysterio Carmelo Hayes Hank Walker Jessika Carr Sarah Schreiber
82%
Gunther Damian Priest Jasper Troy Ryan Tran
82%
Iyo Sky Elton Prince Keanu Carver
82%
Je'Von Evans Giulia Kendal Grey
82%
Kairi Sane Joe Gacy Myles Borne
82%
Lash Legend
82%
Liv Morgan Kevin Owens Ricky Saints
82%
Lyra Valkyria Lash Legend Sean Legacy
82%
Michael Cole
82%
Rey Mysterio Randy Orton Uriah Connors
82%
Rhea Ripley Rey Fénix Wren Sinclair
82%
R-Truth
82%
Talla Tonga
82%
Tama Tonga
82%
The Miz
82%
Tonga Loa
82%
Trick Williams
82%
Adam Pearce Alba Fyre Adriana Rizzo AJ Lee Adrian Butler Alicia Taylor
73%
Aleister Black
73%
Alexa Bliss
73%
Asuka Alex Shelley Arianna Grace Omos Charles Robinson Booker T
73%
Austin Theory Alexa Bliss Ava The Rock Chip Danning Byron Saxton
73%
Bayley Angel Blake Monroe Shawn Michaels Dallas Irvin Cathy Kelley
73%
Becky Lynch Angelo Dawkins Brad Baylor Tamina Dan Engler Corey Graves
73%
Bo Dallas (Uncle Howdy)
73%
Candice LeRae
73%
Chad Gable (Original El Grande Americano) Bianca Belair Elio Lefleur Felix Fernandez Mark Nash
73%
Charlotte Flair
73%
Drew McIntyre
73%
Jacob Fatu
73%
Jacy Jayne
73%
Johnny Gargano
73%
Kofi Kingston Johnny Gargano Niko Vance
73%
Logan Paul Kiana James Robert Stone
73%
Ludwig Kaiser (El Grande Americano) Kit Wilson Saquon Shugars
73%
Maxxine Dupri Matt Cardona Shawn Spears
73%
Nia Jax
73%
Nick Aldis
73%
Nikki Cross
73%
Oba Femi
73%
Penta Nikki Cross Thea Hail
73%
Pete Dunne (Rayo Americano) Piper Niven Tony D'Angelo
73%
Roxanne Perez Roman Reigns Zaria
73%
Seth Rollins Santos Escobar Zaria
73%
Solo Sikoa
73%
Wade Barrett
73%
Xavier Woods Tama Tonga
73%
Zelina
73%
Akira Tozawa Aleister Black Andre Chase Brock Lesnar Chad Patton Blake Howard
64%
Angel
64%
Brock Lesnar
64%
Dexter Lumis
64%
Erick Rowan
64%
Fallon Henley
64%
Finn Bálor Chris Sabin Jacy Jayne John Cone
64%
Jade Cargill
64%
Joe Gacy
64%
Joe Hendry
64%
Kiana James
64%
LA Knight Jordynne Grace Noam Dar
64%
Lexis King
64%
Paul Heyman Nick Aldis Tavion Heights
64%
Raquel Rodriguez R-Truth Tyson Dupont
64%
Rey Fénix
64%
Ricky Saints
64%
Rusev Sami Zayn William Regal
64%
Sheamus Shinsuke Nakamura
64%
Sol Ruca
64%
Tiffany Stratton
64%
Triple H
64%
Tyler Bate (Bravo Americano) Talla Tonga
64%
Alba Fyre
55%
Alex Shelley
55%
Angelo Dawkins
55%
Axiom
55%
Berto
55%
B-Fab
55%
Bianca Belair
55%
Blake Monroe
55%
Brie Bella Apollo Crews Channing "Stacks" Lorenzo Triple H Danilo Anfibio Jackie Redmond
55%
Brutus Creed Berto Eli Knight Eddie Orengo Lilian Garcia
55%
Eli Knight
55%
Ethan Page
55%
Giulia
55%
Grayson Waller Cody Rhodes Jaida Parker Rod Zapata
55%
JD McDonagh Erick Rowan Kelani Jordan
55%
Jordynne Grace
55%
Julius Creed JC Mateo Malik Blade
55%
Kevin Owens
55%
Kit Wilson
55%
Matt Cardona
55%
Michin
55%
Naomi Michin Shiloh Hill
55%
Nikki Bella Nathan Frazer Tank Ledger
55%
Otis Nia Jax Tatum Paxley
55%
Piper Niven
55%
Sami Zayn
55%
Shawn Michaels
55%
Stephanie Vaquer Solo Sikoa
55%
Arianna Grace
45%
Carmelo Hayes
45%
Chelsea Green
45%
Chris Sabin
45%
Corey Graves
45%
Gary WIlson
45%
Ivy Nile Drew McIntyre Josh Briggs Victoria D'Errico
45%
Jaida Parker
45%
JC Mateo
45%
Joaquin Wilde Jade Cargill Luca Crusifino
45%
Joe Tessitore
45%
Kelani Jordan
45%
Montez Ford
45%
Nathan Frazer
45%
Nattie Montez Ford Sol Ruca
45%
Noam Dar
45%
Tatum Paxley
45%
Alicia Taylor
36%
Byron Saxton
36%
Cathy Kelley
36%
Charles Robinson
36%
Cruz Del Toro Candice LeRae Fallon Henley Jason Ayers Mike Rome
36%
Ilja Dragunov
36%
Jessika Carr
36%
Lola Vice
36%
Mark Nash
36%
Royce Keys
36%
Santos Escobar
36%
Shinsuke Nakamura
36%
Thea Hail
36%
The Rock
36%
Zaria
36%
Andre Chase
27%
Channing "Stacks" Lorenzo
27%
Charlie Dempsey
27%
Elton Prince
27%
Ivar Dexter Lumis Joe Hendry Shawn Bennett
27%
Izzi Dame
27%
Jackie Redmond
27%
Kendal Grey
27%
Myles Borne
27%
Omos
27%
Shawn Spears
27%
Tamina
27%
Tank Ledger
27%
Tony D'Angelo
27%
Adriana Rizzo
18%
Apollo Crews
18%
Brad Baylor
18%
Dallas Irvin
18%
Erik Chelsea Green Jackson Drake John Gonzalez Wade Barrett
18%
Hank Walker
18%
Jackson Drake
18%
Luca Crusifino
18%
Robert Stone
18%
Rod Zapata
18%
Saquon Shugars
18%
Tavion Heights
18%
Uriah Connors
18%
Vic Joseph
18%
Wren Sinclair
18%
Zoey Stark The Miz
18%
Ava
9%
Blake Howard
9%
Chad Patton
9%
Dion Lennox
9%
Eddie Orengo
9%
Elio Lefleur
9%
Jasper Troy
9%
Josh Briggs
9%
Keanu Carver
9%
Lilian Garcia
9%
Mike Rome
9%
Niko Vance
9%
Sarah Schreiber
9%
Sean Legacy
9%
Shiloh Hill
9%
Tyson Dupont
9%
Adrian Butler
0%
Chip Danning
0%
Dan Engler
0%
Danilo Anfibio
0%
Daphanie LaShaunn
0%
Derek Sanders
0%
Felix Fernandez
0%
Jason Ayers
0%
Jeremy Marcus
0%
John Cone
0%
John Gonzalez
0%
Kelly Kincaid
0%
Malik Blade
0%
Ryan Tran
0%
Shawn Bennett
0%
Victoria D'Errico
0%
No matching quizzes found
Score Distribution
Percent of People with Each Score
Percentile by Number Answered
Your Score History
You have not taken this quiz since the last reset